[Event "EU Corporate-ch"]
[Site "Rotterdam"]
[Date "2022.06.18"]
[Round "4"]
[White "Theulings, Paul Peter"]
[Black "Lambrechts, Koen"]
[Result "0-1"]
[WhiteElo "2063"]
[BlackElo "2349"]
[PlyCount "112"]
[EventDate "2022.06.18"]
[EventType "team-tourn (rapid)"]
[EventRounds "9"]
[EventCountry "NED"]
[SourceTitle "EXT 2023"]
[Source "ChessBase"]
[SourceDate "2022.10.05"]
[SourceVersion "1"]
[SourceVersionDate "2022.10.05"]
[SourceQuality "1"]

1. Nf3 Nf6 2. c4 g6 3. g3 Bg7 4. Bg2 0-0 5. 0-0 c6 6. d4 d5 7. cxd5 cxd5 8. Ne5 Nfd7 9. f4 Nxe5 10. dxe5 d4 11. e3 Nc6 12. Bxc6 bxc6 13. exd4 Qb6 14. Nc3 Rd8 15. Be3 Qxb2 16. Na4 Qb5 17. Rb1 Qa5 18. Qb3 Be6 19. Qb4 Qd5 20. Nc3 Qd7 21. Ne4 Bxa2 22. Nc5 Qf5 23. Rb2 Bd5 24. Ra1 Qh5 25. Rf2 a5 26. Qd2 a4 27. Rxa4 Rxa4 28. Nxa4 Ra8 29. Nc3 Ra1+ 30. Rf1 Rxf1+ 31. Kxf1 Bf3 32. Qf2 h6 33. Na4 Bf8 34. Nc5 Bd5 35. Qe2 Qf5 36. g4 Qb1+ 37. Kf2 e6 38. Nd7 Be7 39. Nf6+ Kg7 40. Nxd5 cxd5 41. g5 Qf5 42. Qf3 hxg5 43. fxg5 Bxg5 44. Bxg5 Qxg5 45. Ke1 Qh4+ 46. Ke2 Qxh2+ 47. Kd3 Qh4 48. Kc3 Qg5 49. Kb4 Qf5 50. Qe3 g5 51. Kc5 Qf4 52. Qd3 g4 53. Kd6 g3 54. Qe2 Qxd4 55. Qh5 Qf4 56. Ke7 g2 0-1

[Event "Groningen op 56th"]
[Site "Groningen"]
[Date "2018.12.23"]
[Round "3"]
[White "Theulings, Paul Peter"]
[Black "Maters, Arthur"]
[Result "0-1"]
[WhiteElo "2098"]
[BlackElo "2005"]
[PlyCount "62"]
[EventDate "2018.12.22"]
[EventType "swiss"]
[EventRounds "9"]
[EventCountry "NED"]
[SourceTitle "CBM 188 Extra"]
[Source "ChessBase"]
[SourceDate "2019.02.26"]
[SourceVersion "1"]
[SourceVersionDate "2019.02.26"]
[SourceQuality "1"]

1. Nf3 Nf6 2. c4 g6 3. g3 Bg7 4. Bg2 0-0 5. d4 d5 6. cxd5 Nxd5 7. 0-0 Na6 8. e4 Nb6 9. Nc3 Bg4 10. Be3 c5 11. dxc5 Nc4 12. Qe2 Nxe3 13. Qxe3 Bxf3 14. Bxf3 Bd4 15. Qe2 Bxc3 16. bxc3 Nxc5 17. e5 Qc7 18. Qc4 Rac8 19. Rfe1 b6 20. Re3 Rfd8 21. Qh4 e6 22. g4 Nd3 23. Be4 Nxe5 24. Rh3 f5 25. gxf5 exf5 26. Bc2 Qg7 27. Bb3+ Kh8 28. Be6 Rb8 29. Re1 Ng4 30. Bxf5 gxf5 31. Re7 Ne3+ 0-1

[Event "Groningen op-A 54th"]
[Site "Groningen"]
[Date "2016.12.28"]
[Round "7"]
[White "Boersma, Jan"]
[Black "Theulings, Paul Peter"]
[Result "1-0"]
[WhiteElo "2088"]
[BlackElo "2097"]
[PlyCount "99"]
[EventDate "2016.12.21"]
[EventType "swiss"]
[EventRounds "9"]
[EventCountry "NED"]
[SourceTitle "CBM 176 Extra"]
[Source "ChessBase"]
[SourceDate "2017.03.02"]
[SourceVersion "1"]
[SourceVersionDate "2017.03.02"]
[SourceQuality "1"]

1. e4 Nf6 2. Nc3 e5 3. Nf3 Nc6 4. Bb5 Nd4 5. 0-0 Nxb5 6. Nxb5 c6 7. Nc3 d6 8. d4 Qc7 9. a4 Be7 10. Bg5 Bg4 11. Bxf6 Bxf6 12. d5 Rc8 13. h3 Bh5 14. a5 a6 15. dxc6 bxc6 16. Qd3 0-0 17. Nd2 Bg6 18. Qxa6 Ra8 19. Qc4 Rfb8 20. Nd5 Qb7 21. a6 Qc8 22. a7 Rb7 23. Ra6 Rbxa7 24. Rxc6 Qd8 25. b4 Bg5 26. Nb3 Kh8 27. Rd1 Rb8 28. b5 f5 29. b6 Rd7 30. f3 fxe4 31. fxe4 Bf7 32. Kh1 Bf4 33. Qc3 Bxd5 34. Rxd5 Qf8 35. Qf3 Rf7 36. Rd1 Bg5 37. Qd3 Rd8 38. c4 h6 39. Nd2 Bxd2 40. Qxd2 Rf1+ 41. Rxf1 Qxf1+ 42. Kh2 Rf8 43. b7 Kh7 44. Rxd6 Rf2 45. Qxf2 Qxf2 46. b8Q Qf4+ 47. Kg1 Qc1+ 48. Kf2 Qf4+ 49. Ke2 Qxe4+ 50. Kd1 1-0

[Event "NED-chT Cup"]
[Site "Wageningen"]
[Date "2016.05.05"]
[Round "2.2"]
[White "Theulings, Paul Peter"]
[Black "Geurink, Jasper"]
[Result "0-1"]
[WhiteElo "2140"]
[BlackElo "2359"]
[PlyCount "104"]
[EventDate "2016.05.05"]
[EventType "team-k.o."]
[EventRounds "2"]
[EventCountry "NED"]
[SourceTitle "CBM 172 Extra"]
[Source "ChessBase"]
[SourceDate "2016.06.21"]
[SourceVersion "1"]
[SourceVersionDate "2016.06.21"]
[SourceQuality "1"]
[WhiteTeam "Amstelveen Zukertort"]
[BlackTeam "Groningen Combinatie"]
[WhiteTeamCountry "NED"]
[BlackTeamCountry "NED"]

1. Nf3 f5 2. d3 Nc6 3. e4 e5 4. d4 fxe4 5. Nxe5 Nf6 6. Bc4 d5 7. Bb5 Bd7 8. c4 a6 9. Bxc6 Bxc6 10. 0-0 Be7 11. Nc3 0-0 12. Bg5 dxc4 13. Nxc6 bxc6 14. Qa4 Qxd4 15. Qxc6 Rae8 16. Be3 Qe5 17. Qxc4+ Kh8 18. Bd4 Qf4 19. Bxf6 Bxf6 20. Nd5 Qe5 21. Nxf6 Rxf6 22. Rae1 Qxb2 23. Re2 Qe5 24. Rfe1 Rfe6 25. Re3 Qa5 26. f3 Qb6 27. Kh1 Qc6 28. Qxc6 Rxc6 29. fxe4 Kg8 30. h3 Kf7 31. Ra3 Rb8 32. Re2 Ke6 33. Kh2 Rb5 34. Ra4 Rg5 35. Rf2 Ke7 36. Rf5 Rxf5 37. exf5 Kf6 38. Ra5 Rb6 39. h4 h5 40. Kh3 Rd6 41. Rc5 Rd7 42. Rc6+ Kxf5 43. Rxa6 Ke4 44. Ra5 Kd4 45. Ra7 Kc5 46. Ra5+ Kb6 47. Rxh5 c5 48. Rf5 c4 49. Rf2 Kc5 50. g4 Rd3+ 51. Kg2 c3 52. Kf1 Rd1+ 0-1

[Event "Groningen op-A 53rd"]
[Site "Groningen"]
[Date "2015.12.30"]
[Round "9"]
[White "Theulings, Paul Peter"]
[Black "Boer, Alef"]
[Result "1/2-1/2"]
[WhiteElo "2182"]
[BlackElo "2125"]
[PlyCount "20"]
[EventDate "2015.12.21"]
[EventType "swiss"]
[EventRounds "9"]
[EventCountry "NED"]
[SourceTitle "CBM 170 Extra"]
[Source "ChessBase"]
[SourceDate "2016.02.25"]
[SourceVersion "1"]
[SourceVersionDate "2016.02.25"]
[SourceQuality "1"]

1. Nf3 d5 2. d4 c6 3. c4 e6 4. Bg5 f6 5. Bf4 Bd6 6. e3 Ne7 7. Nc3 Ng6 8. Bxd6 Qxd6 9. e4 dxe4 10. Nxe4 Qb4+ 1/2-1/2

[Event "Groningen op-A 53rd"]
[Site "Groningen"]
[Date "2015.12.26"]
[Round "5"]
[White "Theulings, Paul Peter"]
[Black "Chaurette, Laurent"]
[Result "1/2-1/2"]
[WhiteElo "2182"]
[BlackElo "1987"]
[PlyCount "92"]
[EventDate "2015.12.21"]
[EventType "swiss"]
[EventRounds "9"]
[EventCountry "NED"]
[SourceTitle "CBM 170 Extra"]
[Source "ChessBase"]
[SourceDate "2016.02.25"]
[SourceVersion "1"]
[SourceVersionDate "2016.02.25"]
[SourceQuality "1"]

1. Nf3 d5 2. d4 Nf6 3. c4 c6 4. Nc3 e6 5. Bg5 h6 6. Bh4 g5 7. Bg3 dxc4 8. e4 b5 9. Be2 b4 10. Na4 Nxe4 11. Be5 Nf6 12. Bxc4 g4 13. Nd2 Nbd7 14. 0-0 Nxe5 15. dxe5 Nd7 16. f4 Nb6 17. Nxb6 axb6 18. Qc2 b5 19. Be2 Qd4+ 20. Kh1 Qc5 21. Qxc5 Bxc5 22. Nb3 Bb6 23. Bxg4 c5 24. Bf3 Ra7 25. Nd2 Bb7 26. Bxb7 Rxb7 27. Ne4 Ke7 28. Rfd1 Rbb8 29. Rd6 Rhd8 30. Rad1 c4 31. g3 Bc7 32. Rxd8 Rxd8 33. Rxd8 Bxd8 34. Kg2 Ba5 35. b3 Bb6 36. Kf3 Bd4 37. Ke2 f5 38. exf6+ Bxf6 39. g4 Bd4 40. h4 c3 41. Kd3 Bg1 42. h5 Bh2 43. f5 exf5 44. gxf5 Be5 45. Kc2 Bd4 46. Kd3 Be5 1/2-1/2

[Event "Groningen op-A 53rd"]
[Site "Groningen"]
[Date "2015.12.22"]
[Round "2"]
[White "Keetman, Maaike"]
[Black "Theulings, Paul Peter"]
[Result "1/2-1/2"]
[WhiteElo "2087"]
[BlackElo "2182"]
[PlyCount "85"]
[EventDate "2015.12.21"]
[EventType "swiss"]
[EventRounds "9"]
[EventCountry "NED"]
[SourceTitle "CBM 170 Extra"]
[Source "ChessBase"]
[SourceDate "2016.02.25"]
[SourceVersion "1"]
[SourceVersionDate "2016.02.25"]
[SourceQuality "1"]

1. e4 Nf6 2. e5 Nd5 3. d4 d6 4. Nf3 Nc6 5. c4 Nb6 6. e6 fxe6 7. Nc3 g6 8. h4 Bg7 9. Be3 e5 10. d5 Nd4 11. Nxd4 exd4 12. Bxd4 Bxd4 13. Qxd4 e5 14. dxe6 0-0 15. h5 Qf6 16. Qxf6 Rxf6 17. hxg6 hxg6 18. e7 Re6+ 19. Kd2 Rxe7 20. Bd3 Bf5 21. Rh6 Rf8 22. f3 Rh7 23. Rxh7 Kxh7 24. Re1 Rf7 25. b3 Bxd3 26. Kxd3 Nd7 27. Re8 Kg7 28. Nb5 a6 29. Nd4 Nc5+ 30. Kc3 a5 31. Ra8 Re7 32. Rxa5 Re3+ 33. Kc2 Re1 34. b4 Na6 35. Rb5 b6 36. a3 Ra1 37. Kb2 Rd1 38. Kc3 Ra1 39. a4 Rxa4 40. Nc2 Nb8 41. Kb3 Ra8 42. Nd4 Na6 43. Kc3 1/2-1/2

[Event "Amsterdam Science Park op-A"]
[Site "Amsterdam"]
[Date "2014.07.10"]
[Round "6"]
[White "Theulings, Paul Peter"]
[Black "In't Veld, Daan"]
[Result "0-1"]
[WhiteElo "2143"]
[BlackElo "2211"]
[PlyCount "66"]
[EventDate "2014.07.05"]
[EventType "swiss"]
[EventRounds "9"]
[EventCountry "NED"]
[SourceTitle "CBM 161 Extra"]
[Source "ChessBase"]
[SourceDate "2014.08.29"]
[SourceVersion "1"]
[SourceVersionDate "2014.08.29"]
[SourceQuality "1"]

1. Nf3 c5 2. c4 e6 3. Nc3 Nf6 4. d4 cxd4 5. Nxd4 a6 6. g3 Qc7 7. Bg2 Qxc4 8. Be3 Nc6 9. Rc1 Qb4 10. 0-0 Nxd4 11. Bxd4 Be7 12. e4 d6 13. f4 0-0 14. e5 dxe5 15. fxe5 Bc5 16. Bf2 Ng4 17. Ne4 Bxf2+ 18. Kh1 Ne3 19. Qe2 Nxf1 20. Rxf1 Qb5 21. Qh5 f6 22. Rxf2 Qxe5 23. Qd1 Rb8 24. Rd2 b6 25. Nd6 Rd8 26. b3 a5 27. a3 Ba6 28. b4 axb4 29. axb4 Bb5 30. Rd4 Ba4 31. Qd2 Rxd6 32. Rxd6 Qa1+ 33. Bf1 Qxf1# 0-1

[Event "Amsterdam Science Park op-A"]
[Site "Amsterdam"]
[Date "2014.07.09"]
[Round "5"]
[White "Strating, Sybolt"]
[Black "Theulings, Paul Peter"]
[Result "1/2-1/2"]
[WhiteElo "2266"]
[BlackElo "2143"]
[PlyCount "102"]
[EventDate "2014.07.05"]
[EventType "swiss"]
[EventRounds "9"]
[EventCountry "NED"]
[SourceTitle "CBM 161 Extra"]
[Source "ChessBase"]
[SourceDate "2014.08.29"]
[SourceVersion "1"]
[SourceVersionDate "2014.08.29"]
[SourceQuality "1"]

1. d4 Nf6 2. c4 e6 3. Nf3 b6 4. g3 Bb7 5. Bg2 Be7 6. 0-0 d5 7. cxd5 exd5 8. Qa4+ Qd7 9. Qxd7+ Nbxd7 10. Nc3 0-0 11. Bf4 c5 12. Rfd1 Ne4 13. Nxe4 dxe4 14. dxc5 Nxc5 15. Nd4 Bf6 16. Rac1 Rfd8 17. Be3 a5 18. b3 Rd5 19. Nb5 Nxb3 20. Rxd5 Nxc1 21. Rd2 Bc6 22. Nc7 Rd8 23. Rc2 Nxe2+ 24. Rxe2 Rd1+ 25. Bf1 Bd8 26. Rc2 Bd7 27. Na8 Bh3 28. Rc1 Rxc1 29. Bxc1 Be6 30. Be3 Bxa2 31. Bxb6 Bxb6 32. Nxb6 Bb3 33. Nc4 a4 34. Be2 f5 35. Kf1 Kf7 36. Ke1 Ke6 37. Kd2 Bxc4 38. Bxc4+ Ke5 39. Kc3 g5 40. Bf7 a3 41. Kd2 Kd4 42. h3 f4 43. g4 e3+ 44. fxe3+ fxe3+ 45. Ke2 Ke4 46. Bg8 Kf4 47. Be6 Kg3 48. Kxe3 Kxh3 49. Kf3 Kh4 50. Bf7 h6 51. Be6 h5 1/2-1/2

[Event "Groningen op-A 51st"]
[Site "Groningen"]
[Date "2013.12.30"]
[Round "9"]
[White "Molinaroli, Martin"]
[Black "Theulings, Paul Peter"]
[Result "1-0"]
[WhiteElo "2269"]
[BlackElo "2130"]
[PlyCount "193"]
[EventDate "2013.12.21"]
[EventType "swiss"]
[EventRounds "9"]
[EventCountry "NED"]
[SourceTitle "CBM 158 Extra"]
[Source "ChessBase"]
[SourceDate "2014.02.28"]
[SourceVersion "1"]
[SourceVersionDate "2014.02.28"]
[SourceQuality "1"]

1. b3 e5 2. Bb2 Nc6 3. e3 Nf6 4. Bb5 Bd6 5. Ne2 a6 6. Bxc6 dxc6 7. d3 0-0 8. Nd2 Re8 9. e4 a5 10. a4 Nd7 11. 0-0 Nc5 12. Nc4 Qh4 13. f4 exf4 14. Nxd6 cxd6 15. Rxf4 Qh6 16. Qf1 Bd7 17. Ng3 f6 18. Kh1 Ne6 19. Rf2 Ng5 20. Nf5 Bxf5 21. Rxf5 Nf7 22. h3 Ne5 23. Qf2 c5 24. Rf1 Ng4 25. Qf3 Ne5 26. Qg3 Qg6 27. Qf2 b6 28. Rd1 Rad8 29. Rf1 h6 30. Kh2 Qf7 31. Qg3 Kh7 32. Bxe5 dxe5 33. Rxe5 Kg8 34. Ref5 Re6 35. Qf4 Qd7 36. Rd5 Qe7 37. c4 Re8 38. Qg4 Kh8 39. Rff5 Qc7+ 40. Kh1 R8e7 41. Qg6 Qb8 42. Kg1 Qc7 43. Kf2 Qb8 44. h4 Qc7 45. h5 Qb8 46. Qg3 Qe8 47. Qf4 Kg8 48. Ke3 Kh8 49. Kd2 Kg8 50. Kc2 Kh8 51. Rd6 Re5 52. Rd5 R5e6 53. g4 Kg8 54. Kb2 Kh8 55. Ka3 Kg8 56. Rd6 Re5 57. Qf3 Rd7 58. Rd5 Rde7 59. Ka2 R7e6 60. Qe2 Qe7 61. Qh2 Kh8 62. Rf2 Kg8 63. Rd2 Kh8 64. d4 cxd4 65. R5xd4 Kh7 66. Qf4 Qb4 67. Rd7 Qc3 68. R7d3 Qc1 69. Rd7 Qe1 70. R7d4 Qc1 71. Rd8 Qe1 72. R8d4 Qc1 73. Qf2 Qc3 74. R2d3 Qc1 75. Rd1 Qc3 76. Rg1 Kg8 77. Rgd1 Rxe4 78. Rd8+ Kf7 79. R8d7+ Re7 80. R1d3 Qxd3 81. Rxd3 Re2+ 82. Qxe2 Rxe2+ 83. Ka3 Ke6 84. Rd8 Rg2 85. Rb8 Rxg4 86. Rxb6+ Kd7 87. Rb5 Rg5 88. c5 f5 89. Rxa5 f4 90. Ra7+ Ke6 91. c6 Rf5 92. Rxg7 f3 93. c7 Rf8 94. Rg1 f2 95. Rc1 Kd7 96. a5 f1Q 97. c8Q+ 1-0

[Event "Groningen op-A 51st"]
[Site "Groningen"]
[Date "2013.12.28"]
[Round "7"]
[White "Pel, Bonno"]
[Black "Theulings, Paul Peter"]
[Result "1/2-1/2"]
[WhiteElo "2313"]
[BlackElo "2130"]
[PlyCount "111"]
[EventDate "2013.12.21"]
[EventType "swiss"]
[EventRounds "9"]
[EventCountry "NED"]
[SourceTitle "CBM 158 Extra"]
[Source "ChessBase"]
[SourceDate "2014.02.28"]
[SourceVersion "1"]
[SourceVersionDate "2014.02.28"]
[SourceQuality "1"]

1. g3 Nf6 2. Bg2 d5 3. d3 b6 4. c4 e6 5. Nc3 Bb7 6. Nh3 Be7 7. 0-0 0-0 8. Nf4 c6 9. b3 g5 10. Nfxd5 cxd5 11. Bxg5 Re8 12. Rc1 Nbd7 13. e3 Rc8 14. Qe2 Nc5 15. Bxf6 Bxf6 16. d4 Ne4 17. Nxe4 dxe4 18. Qc2 Qc7 19. Bxe4 h6 20. f4 Bg7 21. Bxb7 Qxb7 22. Qg2 Qxg2+ 23. Kxg2 f5 24. Kf3 h5 25. h3 Kf7 26. Rg1 Rh8 27. Rcd1 Rcd8 28. Rg2 Bf6 29. Rgd2 Rd7 30. Rd3 Rhd8 31. R3d2 Ke7 32. Rg2 Rh8 33. Rdg1 Kf7 34. g4 hxg4+ 35. hxg4 Rh3+ 36. Rg3 Rh2 37. R1g2 Rh1 38. g5 Bg7 39. Rg1 Rh2 40. R1g2 Rh1 41. Ke2 Rd8 42. Kd3 Rdh8 43. Rc2 Rd1+ 44. Kc3 a5 45. Rcg2 Rhh1 46. g6+ Kg8 47. Kb2 Bf8 48. c5 bxc5 49. g7 Be7 50. Rg6 cxd4 51. Rxe6 Rb1+ 52. Kc2 Rbc1+ 53. Kb2 Rb1+ 54. Kc2 Rbc1+ 55. Kb2 Rb1+ 56. Kc2 1/2-1/2

[Event "Groningen op-A 51st"]
[Site "Groningen"]
[Date "2013.12.27"]
[Round "6"]
[White "Theulings, Paul Peter"]
[Black "Dijkhuis, Sven"]
[Result "1-0"]
[WhiteElo "2130"]
[BlackElo "1941"]
[PlyCount "127"]
[EventDate "2013.12.21"]
[EventType "swiss"]
[EventRounds "9"]
[EventCountry "NED"]
[SourceTitle "CBM 158 Extra"]
[Source "ChessBase"]
[SourceDate "2014.02.28"]
[SourceVersion "1"]
[SourceVersionDate "2014.02.28"]
[SourceQuality "1"]

1. Nf3 Nf6 2. c4 c5 3. Nc3 b6 4. g3 Bb7 5. Bg2 d6 6. d4 cxd4 7. Qxd4 e6 8. 0-0 Be7 9. Bg5 a6 10. Bxf6 Bxf6 11. Qf4 0-0 12. Rfd1 Be7 13. Ne4 Bxe4 14. Qxe4 Nd7 15. Nd4 Rc8 16. Nc6 Qe8 17. Nxe7+ Qxe7 18. Qd4 d5 19. cxd5 e5 20. d6 exd4 21. dxe7 Rfe8 22. Rxd4 Rxe7 23. Bh3 Rc7 24. Bxd7 Rexd7 25. Rad1 Rxd4 26. Rxd4 Kf8 27. Rd6 Rc1+ 28. Kg2 Rc2 29. Rxb6 Rxe2 30. Rxa6 Rxb2 31. Ra7 g6 32. a4 Ra2 33. a5 Ra3 34. a6 Kg7 35. Ra8 Kf6 36. h3 h6 37. Ra7 g5 38. Ra8 Kg6 39. h4 gxh4 40. gxh4 Kh5 41. a7 Kxh4 42. f4 h5 43. f5 Rg3+ 44. Kf2 Ra3 45. Ke2 Kh3 46. Kd2 h4 47. Kc2 Kh2 48. Kb2 Ra6 49. Kc3 h3 50. Kd4 Kh1 51. Rh8 Rxa7 52. Rxh3+ Kg2 53. Rb3 Ra5 54. Ke4 Ra6 55. Kf4 f6 56. Kg4 Ra7 57. Rb2+ Kf1 58. Rb6 Kf2 59. Rxf6 Ra4+ 60. Kg5 Kf3 61. Rb6 Rg4+ 62. Kf6 Rg1 63. Rb4 Ra1 64. Kg6 1-0

[Event "Groningen op-A 51st"]
[Site "Groningen"]
[Date "2013.12.21"]
[Round "1"]
[White "Lobzhanidze, Davit"]
[Black "Theulings, Paul Peter"]
[Result "1-0"]
[WhiteElo "2445"]
[BlackElo "2130"]
[PlyCount "105"]
[EventDate "2013.12.21"]
[EventType "swiss"]
[EventRounds "9"]
[EventCountry "NED"]
[SourceTitle "CBM 158 Extra"]
[Source "ChessBase"]
[SourceDate "2014.02.28"]
[SourceVersion "1"]
[SourceVersionDate "2014.02.28"]
[SourceQuality "1"]

1. e4 Nf6 2. e5 Nd5 3. d4 d6 4. c4 Nb6 5. exd6 exd6 6. Nc3 Be7 7. Bd3 Nc6 8. Nge2 0-0 9. 0-0 Re8 10. b3 a5 11. Be3 Nb4 12. Bb1 a4 13. a3 axb3 14. Qxb3 Nc6 15. c5 Nd7 16. Ba2 Rf8 17. cxd6 Bxd6 18. Nb5 Nf6 19. d5 Ne5 20. Nxd6 Qxd6 21. Bf4 Nh5 22. Bxe5 Qxe5 23. Rfe1 Re8 24. Qb4 Qd6 25. Qh4 Nf6 26. Nc3 Bd7 27. a4 Re5 28. Rxe5 Qxe5 29. Qg3 Re8 30. Qxe5 Rxe5 31. f3 Re3 32. Rc1 Rd3 33. Bc4 Rd2 34. Bb5 Bf5 35. Bf1 h5 36. Nb5 Nxd5 37. Nxc7 Ne3 38. Nb5 Bc2 39. Nc3 b6 40. Be2 Nf5 41. Kf2 Nd4 42. Ke3 Nb3 43. Re1 Rd7 44. Bb5 Re7+ 45. Kf2 Rxe1 46. Kxe1 Nc5 47. Kd2 Bb3 48. Ke3 f6 49. Kd4 Kf7 50. Bc4+ Ne6+ 51. Kd3 Bxc4+ 52. Kxc4 Nc7 53. Nd5 1-0

[Event "Amsterdam Science Park op-A 3rd"]
[Site "Amsterdam"]
[Date "2013.07.12"]
[Round "7"]
[White "Lentjes, Noud"]
[Black "Theulings, Paul Peter"]
[Result "1/2-1/2"]
[WhiteElo "1995"]
[BlackElo "2110"]
[PlyCount "129"]
[EventDate "2013.07.06"]
[EventType "swiss"]
[EventRounds "9"]
[EventCountry "NED"]
[SourceTitle "CBM 155 Extra"]
[Source "ChessBase"]
[SourceDate "2013.08.26"]
[SourceVersion "1"]
[SourceVersionDate "2013.08.26"]
[SourceQuality "1"]

1. e4 Nf6 2. e5 Nd5 3. d4 d6 4. Nf3 Nc6 5. c4 Nb6 6. e6 fxe6 7. Nc3 g6 8. h4 Bg7 9. Be3 e5 10. d5 Nd4 11. Nxd4 exd4 12. Bxd4 Bxd4 13. Qxd4 e5 14. Qe3 Bf5 15. Be2 Qe7 16. 0-0-0 0-0-0 17. g4 Bd7 18. h5 g5 19. Ne4 h6 20. b3 Qf8 21. f3 Qf4 22. Rd3 Qxe3+ 23. Rxe3 Kb8 24. Kb2 Bc8 25. Rd1 Rhf8 26. b4 Nd7 27. Kb3 Nf6 28. Ng3 Rfe8 29. Bd3 Ng8 30. Nf5 Bxf5 31. Bxf5 Nf6 32. a4 Rf8 33. Be6 Ne8 34. Bf5 Rxf5 35. gxf5 Ng7 36. f6 Nf5 37. Rc3 Rf8 38. c5 Rxf6 39. cxd6 cxd6 40. Rdc1 Nd4+ 41. Kb2 a6 42. Rc8+ Ka7 43. Rd8 Rxf3 44. Rcc8 Rb3+ 45. Kc1 Rxb4 46. a5 Nb3+ 47. Kd1 Nxa5 48. Ra8+ Kb6 49. Rxd6+ Kc5 50. Rxh6 Kxd5 51. Rd8+ Ke4 52. Rd7 Nc4 53. Rg6 Ne3+ 54. Kc1 Rc4+ 55. Kb1 Rb4+ 56. Kc1 Rc4+ 57. Kb2 Rb4+ 58. Kc3 a5 59. h6 Rc4+ 60. Kb2 Rb4+ 61. Ka2 Nd5 62. h7 Nc3+ 63. Ka3 Nb5+ 64. Ka2 Nc3+ 65. Ka3 1/2-1/2

[Event "Amsterdam Science Park op-A 3rd"]
[Site "Amsterdam"]
[Date "2013.07.06"]
[Round "1"]
[White "Riemersma, Liafbern"]
[Black "Theulings, Paul Peter"]
[Result "1-0"]
[WhiteElo "2438"]
[BlackElo "2110"]
[PlyCount "61"]
[EventDate "2013.07.06"]
[EventType "swiss"]
[EventRounds "9"]
[EventCountry "NED"]
[SourceTitle "CBM 155 Extra"]
[Source "ChessBase"]
[SourceDate "2013.08.26"]
[SourceVersion "1"]
[SourceVersionDate "2013.08.26"]
[SourceQuality "1"]

1. c4 Nf6 2. Nc3 e5 3. g3 Bb4 4. Bg2 0-0 5. Nf3 Re8 6. 0-0 e4 7. Nd4 Nc6 8. Nc2 Bxc3 9. bxc3 d6 10. Rb1 Ne5 11. Ne3 c6 12. Qc2 d5 13. cxd5 cxd5 14. d3 Nc6 15. Rd1 Qe7 16. dxe4 dxe4 17. c4 Qc5 18. Rb5 Qe7 19. Bb2 a6 20. Rg5 Be6 21. Nd5 Bxd5 22. cxd5 h6 23. Rf5 Nb4 24. Qb3 a5 25. Bxf6 gxf6 26. a3 Na6 27. Qe3 Kg7 28. Rh5 Rh8 29. d6 Qd7 30. Bxe4 Rae8 31. Rxa5 1-0

[Event "Groningen op-A 50th"]
[Site "Groningen"]
[Date "2012.12.30"]
[Round "9"]
[White "Theulings, Paul Peter"]
[Black "Piasetski, Leon David"]
[Result "0-1"]
[WhiteElo "2105"]
[BlackElo "2310"]
[PlyCount "66"]
[EventDate "2012.12.21"]
[EventType "swiss"]
[EventRounds "9"]
[EventCountry "NED"]
[SourceTitle "CBM 152 Extra"]
[Source "ChessBase"]
[SourceDate "2013.02.25"]
[SourceVersion "1"]
[SourceVersionDate "2013.02.25"]
[SourceQuality "1"]

1. Nf3 f5 2. c4 Nf6 3. g3 g6 4. b4 Bg7 5. Bb2 0-0 6. Bg2 d6 7. d4 e6 8. 0-0 Nc6 9. b5 Ne7 10. a4 h6 11. Qc2 g5 12. Nbd2 f4 13. gxf4 g4 14. Ne1 Nf5 15. e3 h5 16. Ne4 h4 17. Nxf6+ Qxf6 18. Ra3 a6 19. Nd3 Qg6 20. d5 h3 21. Be4 Nxe3 22. Bxg6 Nxc2 23. Ra2 Nd4 24. Be4 Ne2+ 25. Kh1 Bxb2 26. Rxb2 Nc3 27. f3 exd5 28. cxd5 gxf3 29. Bxf3 Bf5 30. Rc2 Nxa4 31. Rg1+ Kh8 32. Rxc7 Bxd3 33. Rg4 Rfc8 0-1